Normal view
MARC view
- Tashliev, S .
Entry Personal Name
001 - CONTROL NUMBER
- control field: 1777
003 - CONTROL NUMBER IDENTIFIER
- control field: OSt
005 - DATE AND TIME OF LATEST TRANSACTION
- control field: 20161014140252.0
008 - FIXED-LENGTH DATA ELEMENTS
- fixed length control field: 161014|| aca||aabn | a|a d
040 ## - CATALOGING SOURCE
- Original cataloging agency: OSt
- Transcribing agency: OSt
100 ## - HEADING--PERSONAL NAME
- Personal name: Tashliev, S .
670 ## - SOURCE DATA FOUND
- Source citation: Work cat.: (OSt)4626: Roslyakov, A . 1776, Madhya Asiayil Socialism Vannathengine / , 1966.
